header

National Wildlife Refuge System (Record no. 176018)

MARC details
000 -LEADER
fixed length control field 01495nam a2200373 a 4500
082 04 - DEWEY DECIMAL CLASSIFICATION NUMBER
Classification number 333.95/4160973
100 1# - MAIN ENTRY--AUTHOR NAME
Personal name Callihan, David.
245 10 - TITLE STATEMENT
Title National Wildlife Refuge System
260 ## - PUBLICATION, DISTRIBUTION, ETC. (IMPRINT)
Place of publication New York :
Name of publisher Nova Science Publishers,
Year of publication 2009.
300 ## - PHYSICAL DESCRIPTION
Number of Pages xxi, 85 p. :
Other physical details ill. (some col.).
490 1# - SERIES STATEMENT
Series statement Novinka
505 0# - FORMATTED CONTENTS NOTE
Formatted contents note Introduction -- Effectiveness ratings -- Operational context: budget and workload trends -- Analysis of strategic outcome goals.
650 #0 - SUBJECT ADDED ENTRY--TOPICAL TERM
Topical Term Wildlife refuges
856 40 - ELECTRONIC LOCATION AND ACCESS
Uniform Resource Identifier http://site.ebrary.com/lib/rucke/Doc?id=10671008

No items available.

© 2026 Rongo University
Contact us: librarian | system librarian | Rongo university